• 首页
  • 本馆介绍
  • 公告通知
  • 最新文献
  • 馆藏检索
  • 电子资源
  • 读者导购
  • 参考咨询
  • 我的图书馆
  • 登录
  • 详细信息显示
  • 放入我的书架
  • 预约/预借图书
  • 作者相关作品
  • 分类相关作品
  • 丛书相关作品
  • 出版社相关作品

书目信息

  • 表格格式
  • 工作单格式
  • 卡片格式
题名:
中国新史
    
 
作者: 安文思 , 利类思 , 许理和 著 ;何高济 译
分册:  
出版信息: 郑州   大象出版社  2016
页数: 207页
开本: 25cm
丛书名: 国际汉学经典译丛
单 册:
中图分类: K249.06
科图分类:
主题词: 清前期--qing qian qi--历史--史料
电子资源:
ISBN: 978-7-5347-8313-5
000 01382nam0 22003251 450
001 0127144107
005 20170427144107.0
010    @a978-7-5347-8313-5@dCNY39.50
100    @a20161130d2016 em y0chiy50 ea
101 1  @achi@ceng
102    @aCN@b410000
105    @aa z 000yy
106    @ar
200 1  @a中国新史@Azhong guo xin shi@dA new history of the empire of China@e外两种@f(葡)安文思,(意)利类思,(荷)许理和著@g何高济译@zeng
210    @a郑州@c大象出版社@d2016
215    @a207页@c图@d25cm
225 2  @a国际汉学经典译丛@Aguo ji han xue jing dian yi cong
300    @a“十三五”国家重点图书出版规划项目
304    @a附外二种:安文思神父传略/ (意)利类思著;在黄虎穴中——利类思和安文思在张献忠朝廷(1644-1647)/(荷)许理和著
330    @a本书为17世纪葡萄牙传教士安文思和意大利传教士利类思所著。该书从中国的名称、地理位置、历史、语言、风俗到中国的物质生活、政治体制、国家结构等一一作了介绍。
461  0 @12001 @a国际汉学经典译丛
510 1  @aNew history of the empire of China@zeng
606 0  @a清前期@Aqing qian qi@x历史@j史料
690    @aK249.06@v5
701  0 @c(葡)@a安文思@Aan wen si@c(Magalhaes, Gabriel de@f1609~1677)@4著
701  0 @c(意)@a利类思@Ali lei si@4著
701  0 @c(荷)@a许理和@Axu li he@c(Zürcher, Erik)@4著
702  0 @a何高济@Ahe gao ji@f(1933~)@4译
801  0 @aCN@bTANGWEI@c20170308
905    @b0966717-9@dK249.06@e108@f3
    
    中国新史=A new history of the empire of China:外两种/(葡)安文思,(意)利类思,(荷)许理和著/何高济译.-郑州:大象出版社,2016
    207页:图;25cm.-(国际汉学经典译丛)
    “十三五”国家重点图书出版规划项目
    
    ISBN 978-7-5347-8313-5:CNY39.50
    本书为17世纪葡萄牙传教士安文思和意大利传教士利类思所著。该书从中国的名称、地理位置、历史、语言、风俗到中国的物质生活、政治体制、国家结构等一一作了介绍。
●
相关链接 在E读中查询图书 在五车中查询图书 在当当中查询图书 在豆瓣中查询图书


正题名:中国新史     索取号:K249.06/108         预约/预借

序号 登录号 条形码 馆藏地/架位号 状态 备注
1 0966717   209667172   第二样本阅览室/ [索取号:K249.06/108] 在馆    
2 0966718   209667181   第二借阅区/ [索取号:K249.06/108] 在馆    
3 0966719   209667190   第二借阅区/ [索取号:K249.06/108] 在馆    
唐山师范学院图书馆 欢迎您!
大连网信软件有限公司© 版权所有